000 00631nam a2200241Ia 4500
003 OSt
005 20220924123611.0
006 a|||||r|||| 00| 0
007 ta
008 220923b |||||||| |||| 00| 0 san d
024 _a41318
037 _cTextual
040 _aARTS
_cARTS
_bsan
041 _2san
_asan
082 _aO15,2N40,2, M5
100 _aShukla Rama Kant
_963684
245 0 _aAbhisapam
260 _aNew Delhi
_b Devavani Parishad
_c1985
300 _a40p.
_ccm.
650 _aSANSKRIT LITERATURE
942 _hO15,2N40,2, M5
_cTEXL
_2CC
999 _c416379
_d416379